000 00678nam a2200217Ia 4500
003 GCL
008 140319s9999 xx 000 0 ara d
040 _aGCL /
_cGCL
082 0 4 _a923.2
_bل م
100 1 _aلانداو، ديفيد
245 1 0 _aمعركة السلام: يوميات شمعون بيريس /
_cلانداو، ديفيد
700 1 _aعمار فاضل
700 1 _aمالك فاضل
300 _a439 ص
490 _a
650 0 4 _aالنزاع العربى الاسرائيلى
650 0 4 _aبيريس , شمعون
650 0 4 _aاسرائيل - تراجم
650 0 4 _aاسرائيل - تاريخ - العصر الحديث
942 _2ddc
_cBK
999 _c38827
_d38827